Coat of Arms - North America - Statistics

General Stats
  • This quiz has been taken 154 times
  • The average score is 19 of 23
Answer Stats
Picture Answer % Correct
Mexico
100%
United States
100%
Canada
97%
Haiti
94%
Nicaragua
94%
Panama
94%
Dominican Republic
93%
El Salvador
92%
Belize
90%
Costa Rica
88%
Guatemala
82%
Cuba
79%
Dominica
79%
Honduras
79%
Antigua and Barbuda
75%
Jamaica
75%
Trinidad and Tobago
75%
The Bahamas
71%
Grenada
65%
Barbados
64%
Saint Lucia
63%
Saint Vincent and the Grenadines
57%
Saint Kitts and Nevis
56%
No matching quizzes found
Score Distribution
Percent of People with Each Score
Percentile by Number Answered
Your Score History
You have not taken this quiz